| 000 | 00981nas a2200325 4500 | ||
|---|---|---|---|
| 001 | BR0502315 | ||
| 003 | BR-BrBNA | ||
| 005 | 20231205105327.0 | ||
| 007 | ta | ||
| 008 | 230509b bl.|||p| |||| 00| 00por d | ||
| 040 |
_aBR-BrBNA _bpor _cBiblioteca Nacional de Agricultura |
||
| 041 | _a(Pt) | ||
| 072 | _aF02 | ||
| 100 | 1 | _aPio, R. | |
| 100 | 1 | _aRamos, J.D. | |
| 100 | 1 | _aChalfun, N.N.J. | |
| 100 | 1 | _aCoelho, J.H.C. | |
| 100 | 1 | _aGontijo, T.C.A. | |
| 100 | 1 | _aCarrijo, E.P. | |
| 100 | 1 | _aVilla, F. | |
| 245 | 1 | _aEnraizamento adventício de estacas apicais de figueira e desenvolvimento inicial das plantas no campo | |
| 650 | _aFICUS CARICA | ||
| 650 | _aFIGO | ||
| 650 | _aÁCIDO INDOLBUTÍRICO | ||
| 650 | _aENRAIZAMENTO DE ESTACA | ||
| 650 | _aPROPAGAÇÃO VEGETATIVA | ||
| 773 | 0 |
_tCiência e Agrotecnologia (Brazil) _xISSN 1413-7054 _g(Jan-Feb 2004), v. 28(1) p. 215-221 _wBR0502315 |
|
| 909 |
_a202311 _bLúcia _c55 _dLúcia Elande |
||
| 942 |
_2AGRIS _n0 _cANA |
||
| 999 |
_c182372 _d182372 |
||